| 000 | 00443nam a2200145Ia 4500 | ||
|---|---|---|---|
| 008 | 200902s9999 xx 000 0 und d | ||
| 020 | _a978-1-337-40106-7 | ||
| 100 | _aDuiker, William J. | ||
| 245 |
_cWilliam J. Duiker, Jackson J. Spielvogel.-- _aWorld history / |
||
| 250 | _a9th ed | ||
| 260 |
_aUSA : _bCengage Learning _c2019 |
||
| 300 |
_axxxi , 964 pages : _bcolor illustrations ; _c28 cm. |
||
| 440 | _vVol 2 | ||
| 650 | _aWorld history | ||
| 999 |
_c364029 _d364029 |
||